Vnútropodnikové ceny - nástroj ekonomického riadenia
Vnútropodnikové ceny - ceny, v ktorých sa uskutočňuje prevod výkonov medzi rôznymi útvarmi tej istej spoločnosti. Vnútropodnikové ceny ako transferové ceny alebo ceny riadenia, pojmy. Funkcie vnútropodnikových cien. Vnútropodnikové ceny - trhovo orientované, nákladovo orientované, stanovené na zákla...
Salvato in:
| Autore principale: | |
|---|---|
| Natura: | Capitolo di libro |
| Lingua: | slovacco |
| Soggetti: | |
| Tags: |
Nessun Tag, puoi essere il primo ad aggiungerne!!
|
MARC
| LEADER | 00000naa$a2200000$$$4500 | ||
|---|---|---|---|
| 001 | 0113854 | ||
| 005 | 20240502072251.5 | ||
| 041 | 0 | |a slo | |
| 044 | |a SK | ||
| 245 | 1 | 0 | |a Vnútropodnikové ceny - nástroj ekonomického riadenia |c Renáta Antalová |
| 520 | |a Vnútropodnikové ceny - ceny, v ktorých sa uskutočňuje prevod výkonov medzi rôznymi útvarmi tej istej spoločnosti. Vnútropodnikové ceny ako transferové ceny alebo ceny riadenia, pojmy. Funkcie vnútropodnikových cien. Vnútropodnikové ceny - trhovo orientované, nákladovo orientované, stanovené na základe dohody. Medzinárodné vnútropodnikové ceny. | ||
| 610 | 2 | 0 | |a ceny vnútropodnikové |
| 610 | 2 | 0 | |a pojmy |
| 100 | 1 | |a Antalová, Renáta | |